Everton F.C. Honours - Statistics

General Stats
  • This quiz has been taken 12 times
  • The average score is 19 of 26
Answer Stats
Hint Answer % Correct
1905-06 FA Cup
100%
1932-33 FA Cup
100%
1965-66 FA Cup
100%
1983-84 FA Cup
100%
1994-95 FA Cup
100%
1928 Community Shield
80%
1932 Community Shield
80%
1963 Community Shield
80%
1970 Community Shield
80%
1984 Community Shield
80%
1985 Community Shield
80%
1986 Community Shield
80%
1987 Community Shield
80%
1995 Community Shield
80%
1890-91 First Division
70%
1914-15 First Division
70%
1927-28 First Division
70%
1931-32 First Division
70%
1938-39 First Division
70%
1962-63 First Division
70%
1969-70 First Division
70%
1984-85 First Division
70%
1986-87 First Division
70%
1930-31 Second Division
50%
1984-85 European Cup Winners Cup
40%
1953-54 Second Division (Promotion)
0%
No matching quizzes found
Score Distribution
Percent of People with Each Score
Percentile by Number Answered
Your Score History
You have not taken this quiz